000 00764nam a2200193Ia 4500
003 GCL
008 140319s9999 xx 000 0 ara d
040 _aGCL /
_cGCL
082 0 4 _a368
_bا م
100 1 _aاكاديمية البحث العلمى والتكنولوجيا
245 1 0 _aالمؤتمر الاول للشعبة المشتركة لبحوث وادارة الاخطار والتأمينات /
_cاكاديمية البحث العلمى والتكنولوجيا
300 _a44 ص
490 _aالهيئة العامة للاستعلامات
_v0
650 0 4 _aالخدمة الاجتماعية
650 0 4 _aالتأمين
650 0 4 _aالتأمين الاجتماعى
650 0 4 _aالتشريعات الاجتماعية
942 _2ddc
_cBK
999 _c50466
_d50466